| 000 | 00590cam a22002171 4500 | ||
|---|---|---|---|
| 001 | sa 68003716 | ||
| 003 | DLC | ||
| 005 | 20260227112455.0 | ||
| 008 | 710903s1967 ii 00010 eng | ||
| 010 | _asa 68003716 //r86 | ||
| 025 | _aPL480:I-E-9548 | ||
| 050 | 0 |
_aHB72 _b.M4 |
|
| 082 | _a330.01 | ||
| 100 | 1 | 0 |
_aMehta, J. K. _q(Jamshed Kaikhusroo), _d1901- |
| 245 | 1 | 0 |
_aRhyme, rhythm and truth in economics _c[by] J. K. Mehta. |
| 260 | 0 |
_aBombay, _aNew York, _bAsia Pub. House _c[1967] |
|
| 300 |
_a229 p. _c23 cm. |
||
| 350 | _aRs26 | ||
| 650 | 0 | _aEconomics. | |
| 650 | 0 | _aPhilosophy. | |
| 999 |
_c79693 _d79693 |
||